000 00455nam a2200145Ia 4500
008 231129s2009||||xx |||||||||||||| ||spa||
020 _a978-84-233-4143-6
040 _bspa
082 _a860.9 E85e
100 _aEtxebarria Lucí­a
245 0 _aLa Eva futura: Cómo seremos las mujeres del siglo XXI y en qué mundo nos tocará vivir
260 _c2009
264 _aBarcelona España : Destino
942 _2ddc
_cBKS
999 _c17063
_d17063